Statistics for Guillermo del Toro Movies Quiz

Click here to take the quiz!

General Stats

  • This quiz has been taken 45 times
  • The average score is 6 of 10

Answer Stats

YearMovie% Correct
2006Pan's Labyrinth
89%
2017The Shape of Water
78%
2004Hellboy
73%
2015Crimson Peak
54%
2013Pacific Rim
54%
1993Cronos
51%
2008Hellboy II: The Golden Army
51%
2002Blade II
49%
1997Mimic
49%
2001The Devil's Backbone
49%

Score Distribution

Percentile by Number Answered

Percent of People with Each Score

Your Score History

You have not taken this quiz